Catálogo - Centro de Recursos para el Aprendizaje y la Investigación

Volver al Sitio - CRAI Biblioteca
Vista normal Vista MARC
  • República Dominicana

Entrada Nombre geográfico

Número de registros utilizados en: 5

001 - NÚMERO DE CONTROL

  • campo de control: 194601

003 - IDENTIFICADOR DEL NÚMERO DE CONTROL

  • campo de control: DR-UNIBE

005 - FECHA Y HORA DE LA ÚLTIMA TRANSACCIÓN

  • campo de control: 20250428101935.0

008 - DATOS DE LONGITUD FIJA

  • campo de control de longitud fija: 250428|| aca||aabn | a|a d

040 ## - FUENTE DE LA CATALOGACIÓN

  • Centro catalogador/agencia de origen: DR-UNIBE
  • Centro/agencia transcriptor: DR-UNIBE

151 ## - ENCABEZAMIENTO--NOMBRE GEOGRÁFICO

  • Nombre geográfico: República Dominicana
  • Subdivisión general: Historia
  • Subdivisión cronológica: Revolución de abril 1965

670 ## - FUENTE DE DATOS ENCONTRADOS

  • Cita de la fuente: Work cat.: (DR-UNIBE)113493: Frente Cultural 194599 autor, Pueblo, sangre y canto /, 2024